| 000 | 00436nam a2200157 i 4500 | ||
|---|---|---|---|
| 001 | 35022 | ||
| 003 | ES-MaACL | ||
| 005 | 20230906155034.0 | ||
| 007 | t| | ||
| 008 | 030211s1972 sp ||||1| spa d | ||
| 100 | 1 |
_aBolarín, Andrés. _929946 |
|
| 245 | 1 | 4 |
_aLas vírgenes fatuas / _cAndrés Bolarín. |
| 260 |
_aMurcia : _b[s.n., _c1972] ( _fTip. San Francisco) |
||
| 300 |
_a45 h. ; _c22 cm. |
||
| 852 |
_aES-MaACL _j2081-F-20 _bR.82047 |
||
| 999 |
_c35022 _d35022 |
||